|
|
|
|
| LEADER |
00000cam a2200000 7i4500 |
| 001 |
0000059964 |
| 005 |
20160329.0 |
| 008 |
160223 |
| 020 |
|
|
|a 019521918X (set)
|
| 020 |
|
|
|a 0195219589
|
| 090 |
0 |
0 |
|a R 500
|b NEW
|
| 100 |
1 |
|
|a Clark, John O.E.
|
| 245 |
1 |
0 |
|a Matter and energy :
|b Physics in action, Volume 1
|c John O.E. Clark
|
| 260 |
|
|
|a New York :
|b Oxford University Press ,
|c 2003
|
| 300 |
|
|
|a 171 pg :
|b Col., Ill ;
|c 30cm.
|
| 490 |
0 |
|
|a The New Encyclopedia of Science (Second Edition)
|
| 500 |
|
|
|a Includes Index 172-176 pg
|
| 999 |
|
|
|a 0000894647
|b Book
|c REFERENCE
|e Cawangan Segamat
|
| 999 |
|
|
|a 0000894648
|b Book
|c REFERENCE
|e Cawangan Tmn. Ungku Tun Aminah
|
| 999 |
|
|
|a 000894657
|b Book
|c REFERENCE
|e Cawangan Batu Pahat
|